Catálogo

Tres espacios lingüísticos ante el desafíos de la mundialización : (Registro nro. 64573)

Detalles MARC
000 -LEADER
fixed length control field 01655cam a2200349 i 4500
001 - CONTROL NUMBER
control field 64573
003 - CONTROL NUMBER IDENTIFIER
control field Mx-PuUPA
005 - DATE AND TIME OF LATEST TRANSACTION
control field 20220926090417.0
008 - FIXED-LENGTH DATA ELEMENTS--GENERAL INFORMATION
fixed length control field 160401t2001 sp gr 000 | spa d
017 ## - COPYRIGHT OR LEGAL DEPOSIT NUMBER
Copyright or legal deposit number M.51.832-2001
020 ## - INTERNATIONAL STANDARD BOOK NUMBER
International Standard Book Number 8476661436
040 ## - CATALOGING SOURCE
Original cataloging agency Mx-PuUPA
Language of cataloging spa
Transcribing agency Mx-PuUPA
Modifying agency Mx-PuUPA
Description conventions rda
041 0# - LANGUAGE CODE
Language code of text/sound track or separate title spa
111 20 - MAIN ENTRY--MEETING NAME
Meeting name or jurisdiction name as entry element Coloquio Internacional Tres espacios lingüisticos ante los desafíos de la mundialización.
Location of meeting París.
245 10 - TITLE STATEMENT
Title Tres espacios lingüísticos ante el desafíos de la mundialización :
Remainder of title actas del coloquio internacional /
Statement of responsibility, etc. Coloquio Internacional Tres espacios lingüisticos ante los desafíos de la mundialización ; coordinación y revisión de textos, Lía Varela
246 13 - VARYING FORM OF TITLE
Title proper/short title Tres espacios lingüísticos ante los desafíos de la mundialización :
Remainder of title actas del Coloquio Internacional París 20 y 21 de marzo de 2001.
264 #4 - PRODUCTION, PUBLICATION, DISTRIBUTION, MANUFACTURE, AND COPYRIGHT NOTICE
Place of production, publication, distribution, manufacture Madrid, España :
Name of producer, publisher, distributor, manufacturer Organización de Estados Iberoamericanos para la Educación,
Date of production, publication, distribution, manufacture, or copyright notice 2001
300 ## - PHYSICAL DESCRIPTION
Extent 408 páginas ;
Dimensions 24 cm
336 ## - CONTENT TYPE
Content type term texto
Content type code txt
Fuente rdacontent
337 ## - MEDIA TYPE
Source rdamedia
Media type term sin medio
Media type code n
338 ## - CARRIER TYPE
Source rdacarrier
Carrier type term volumen
Carrier type code nc
490 0# - SERIES STATEMENT
Series statement Temas de Iberoamérica
650 #7 - SUBJECT ADDED ENTRY--TOPICAL TERM
Source of heading or term armarc
Topical term or geographic name entry element Globalización
Form subdivision Congresos y asambleas
650 #7 - SUBJECT ADDED ENTRY--TOPICAL TERM
Source of heading or term armarc
Topical term or geographic name entry element Multiculturalismo
Form subdivision Congresos y asambleas
650 #7 - SUBJECT ADDED ENTRY--TOPICAL TERM
Source of heading or term armarc
Topical term or geographic name entry element Español
General subdivision Estudios comparados
Form subdivision Congresos
650 #7 - SUBJECT ADDED ENTRY--TOPICAL TERM
Source of heading or term armarc
Topical term or geographic name entry element Francés
General subdivision Estudios comparados
Form subdivision Congresos y asambleas
700 1# - ADDED ENTRY--PERSONAL NAME
9 (RLIN) 13311
Personal name Varela, Lía,
Relator term coordinador
942 ## - ADDED ENTRY ELEMENTS (KOHA)
Source of classification or shelving scheme Dewey Decimal Classification
Koha item type Libro
Classification part 460
Item part T784
Existencias
Withdrawn status Lost status Source of classification or shelving scheme Damaged status Not for loan Collection code Home library Current library Shelving location Date acquired Source of acquisition Total Checkouts Full call number Barcode Date last seen Price effective from Koha item type
    Dewey Decimal Classification     General Biblioteca Karol Wojtyla Biblioteca Karol Wojtyla Sala general 03/12/2013 Compra   460 T784 2001 61478 05/01/2026 03/12/2013 Libro